00290nam a2200109Ia 4500008004100000020001800041100001500059245003500074260001900109500002400128650002800152230524s9999 xx 000 0 und d a9789380078670 aGagan Jain 4aThe Big Book of Great Speeches bMaanu Graphics aQuantity Number: 1 aPersonality Development